书目信息 |
| 题名: |
现实疗法
|
|
| 作者: | 伍伯丁 著 ;郑世彥 , 郑世彦 , 郭本禹 译 | |
| 分册: | ||
| 出版信息: | 重庆 重庆大学出版社 2016.10 |
|
| 页数: | 205页 | |
| 开本: | 21cm | |
| 丛书名: | 心理咨询师系列,心理治疗丛书 | |
| 单 册: | ||
| 中图分类: | R749.055 | |
| 科图分类: | ||
| 主题词: | 精神疗法 | |
| 电子资源: | ||
| ISBN: | 978-7-5689-0159-8 | |
| 000 | 01244nam0 2200325 450 | |
| 001 | 2332148668 | |
| 005 | 20230601085931.29 | |
| 010 | @a978-7-5689-0159-8@dCNY29.00 | |
| 049 | @aA330000ZJL@bUCS01008206284@c2923396 | |
| 090 | @aR749@bwbd | |
| 096 | @aR749@bwbd | |
| 100 | @a20161130d2016 em y0chiy50 ea | |
| 101 | 1 | @achi@ceng |
| 102 | @aCN@b500000 | |
| 105 | @ay z 000yy | |
| 200 | 1 | @a现实疗法 @9xian shi liao fa @dReality therapy @f(美)罗伯特·伍伯丁(Robert E. Wubbolding)著;郑世彦译;郭本禹主编@F(mei)luo bo te·wu bo ding(Robert E.Wubbolding)zhu;zheng shi yan yi;guo ben yu zhu bian@g郑世彦译 @zeng |
| 210 | @a重庆@c重庆大学出版社@d2016.10 | |
| 215 | @a205页@d21cm | |
| 225 | 1 | @a心理咨询师系列,心理治疗丛书 |
| 300 | @a鹿鸣心理 | |
| 330 | @a本书作者罗伯特·伍伯丁从背景知识、发展历史、治疗过程及有效性等方面对现实疗法这一疗法进行了全面的阐述,对发展前景进行了展望。 | |
| 510 | 1 | @a=Reality Therapy@zeng |
| 606 | 0 | @a精神疗法 |
| 690 | @aR749.055@v5 | |
| 701 | 0 | @c(美)@a伍伯丁@c(Wubbolding, Robert E.)@4著@9wu bo ding |
| 702 | 0 | @a郑世彥@4译@9zheng shi yan |
| 702 | 0 | @a郑世彦@Azheng shi yan@4译 |
| 702 | 0 | @a郭本禹@Aguo ben yu@4主编 |
| 801 | 0 | @aCN@b河南城建学院图书馆@c20161130 |
| 905 | @dR749.055@eW935 | |
| 现实疗法 =Reality therapy /(美)罗伯特·伍伯丁(Robert E. Wubbolding)著;郑世彦译;郭本禹主编/郑世彦译 .-重庆:重庆大学出版社,2016.10 |
| 205页;21cm.-(心理咨询师系列,心理治疗丛书) |
| 鹿鸣心理 |
| ISBN 978-7-5689-0159-8:CNY29.00 |
| 本书作者罗伯特·伍伯丁从背景知识、发展历史、治疗过程及有效性等方面对现实疗法这一疗法进行了全面的阐述,对发展前景进行了展望。 |
| ● |
| 相关链接 |
|
|
|
正题名:现实疗法
索取号:R749.055/W935
 
预约/预借
| 序号 | 登录号 | 条形码 | 馆藏地/架位号 | 状态 | 备注 |
| 1 | 1506088 | 215060886 | 市政与环境工程学院资料室/ [索取号:R749.055/W935] | 在馆 |